• 首页
  • 本馆介绍
  • 公告通知
  • 最新文献
  • 馆藏检索
  • 电子资源
  • 读者导购
  • 参考咨询
  • 我的图书馆
  • 登录
  • 详细信息显示
  • 放入我的书架
  • 预约/预借图书
  • 作者相关作品
  • 分类相关作品
  • 丛书相关作品
  • 出版社相关作品

书目信息

  • 表格格式
  • 工作单格式
  • 卡片格式
题名:
你也可以跑得更快
    
 
作者: 戈特 , 梅尔文 著 ;张北安 译
分册:  
出版信息: 北京   北京科学技术出版社  2016
页数: 183页
开本: 24cm
丛书名:
单 册:
中图分类: G822.32
科图分类:
主题词: 长跑--运动训练
电子资源:
ISBN: 978-7-5304-8158-5
000 01748nam0 2200289 450
001 1678
005 20180522135158.81
010    @a978-7-5304-8158-5@dCNY55.00
100    @a20160421d2016 em y0chiy50 ea
101 1  @achi@ceng
102    @aCN@b110000
105    @ay z 000yy
200 1  @a你也可以跑得更快@9ni ye ke yi pao de geng kuai@b专著@e针对速度与耐力的专业跑步计划@dThe art of running faster: improve technique, training, and performance@zeng@f(英)朱利安·戈特,(英)唐·梅尔文著@g张北安译
210    @a北京@c北京科学技术出版社@d2016
215    @a183页@d24cm
314    @a利安·戈特,前世界级田径运动员。他曾参加过无数跑步比赛,包括世界锦标赛、英联盟大赛、欧洲锦标赛、世界越野锦标赛。
314    @a唐·梅尔文,作家、记者和终生的快乐跑步者。曾负责报道亚特兰大奥运会与雅典奥运会的赛事,还曾负责国际政治和社会问题方面的报道。目前是美联社的编辑和记者。
330    @a本书介绍了一种全新的方式,能够帮助你实现目标,使你达到最佳状态。无论你的年龄多大,无论你是刚刚开始跑步的新人还是富有经验的马拉松爱好者,本书都将改变你的跑步方式以及你可以取得的最佳成绩。本书将挑战你对跑步这项运动的刻板印象,消除你的疑虑,使你突破自我限制。通过阅读这本书,你将学会:克服那些阻止你跑得更快、更舒适、更专注的障碍;反思传统的训练方法,听从身体的指示,挑战传统的训练规范;根据自己的需要选择训练项目,重点提高速度、增强力量和耐力。
510 1  @aArt of running faster: improve technique, training, and performance@zeng
517 1  @a针对速度与耐力的专业跑步计划@9zhen dui su du yu nai li de zhuan ye pao bu ji hua
606 0  @a长跑@x运动训练
690    @aG822.32@v5
701  0 @c(英)@a戈特@9ge te@4著
701  0 @c(英)@a梅尔文@9mei er wen@4著
702  0 @a张北安@9zhang bei an@4译
801  0 @aCN@b91MARC@c20160516
905    @aMuseLib@dG822.32@e138
    
    你也可以跑得更快:针对速度与耐力的专业跑步计划=The art of running faster: improve technique, training, and performance/(英)朱利安·戈特,(英)唐·梅尔文著/张北安译.-北京:北京科学技术出版社,2016
    183页;24cm
    
    
    ISBN 978-7-5304-8158-5:CNY55.00
    本书介绍了一种全新的方式,能够帮助你实现目标,使你达到最佳状态。无论你的年龄多大,无论你是刚刚开始跑步的新人还是富有经验的马拉松爱好者,本书都将改变你的跑步方式以及你可以取得的最佳成绩。本书将挑战你对跑步这项运动的刻板印象,消除你的疑虑,使你突破自我限制。通过阅读这本书,你将学会:克服那些阻止你跑得更快、更舒适、更专注的障碍;反思传统的训练方法,听从身体的指示,挑战传统的训练规范;根据自己的需要选择训练项目,重点提高速度、增强力量和耐力。
●
相关链接 在E读中查询图书 在五车中查询图书 在当当中查询图书 在豆瓣中查询图书


正题名:你也可以跑得更快     索取号:G822.32/138         预约/预借

序号 登录号 条形码 馆藏地/架位号 状态 备注
1 1105949   211059496   第一样本阅览室/ [索取号:G822.32/138] 在馆    
2 1105950   211059502   教育系资料室/ [索取号:G822.32/138] 在馆    
3 1105951   211059511   教育系资料室/ [索取号:G822.32/138] 在馆    
4 1105952   211059520   教育系资料室/ [索取号:G822.32/138] 在馆    
5 1105953   211059539   第四借阅区/ [索取号:G822.32/138] 在馆    
6 1105954   211059548   第四借阅区/ [索取号:G822.32/138] 在馆    
唐山师范学院图书馆 欢迎您!
大连网信软件有限公司© 版权所有